Quiz 20 pays avec les plus belles femmes du monde - Statistiques

Statistiques générales
  • Ce quiz a été pris 1 912 fois
  • Le résultat moyen est 8 sur 20
Statistiques - réponses
Top pays % Correct
10 États-Unis
84%
15 Brésil
83%
18 Biélorussie
74%
13 Japon
70%
3 Mexique
61%
9 Colombie
58%
16 Australie
48%
1 Vénézuela
39%
14 Pologne
35%
4 République d'Afrique du Sud
35%
6 Thaïlande
33%
5 Viêt Nam
25%
8 Indonésie
23%
20 Pays-Bas
22%
2 Philippines
19%
12 Roumanie
16%
19 Autriche
15%
17 Jamaïque
12%
11 Népal
6%
7 Porto Rico
4%
Aucun quiz correspondant
Distribution des résultats
% des personnes avec chaque résultat
Percentile par nombre de réponses
Votre historique - résultats
Vous n’avez pas pris ce quiz